000 01348nam a2200289 i 4500
001 31535
003 ES-MaACL
005 20230906154410.0
007 t|
008 030129s1982 sp ||||1| spa d
100 1 _aBenevolo, Leonardo.
_927554
245 1 0 _aDiseño de la ciudad /
_cLeonardo Benevolo.
250 _a[3ª ed.].
260 _aBarcelona :
_bGustavo Gili,
_c1982.
300 _a5 v. :
_bil. ;
_c24 cm.
505 8 _aContiene: V. I: La descripción del ambiente / versión castellana de Antoni Moragas. -- V. II: El arte y la ciudad antigua / versión de Francesc Serra y Cantarell. -- V. III: El arte y la ciudad medieval / versión castellana de Carlos Gómez González. -- V. IV: El arte y la ciudad moderna del siglo XV al XVIII / versión de María Dolors Tramunt. -- V. V: El arte y la ciudad contemporánea / versión de Antoni Moragas.
700 1 _aMoragas, Antoni.
_982912
700 1 _aSerra Cantarell, Francisco.
_9105625
700 1 _aGómez González, Carlos.
_957973
700 1 _aTramunt, María Dolors.
_9111220
740 3 _aLa descripción del ambiente.
740 3 _aEl arte y la ciudad antigua.
740 3 _aEl arte y la ciudad medieval.
740 3 _aEl arte y la ciudad moderna del siglo XV al XVIII.
740 3 _aEl arte y la ciudad contemporánea.
852 _aES-MaACL
_jL-9037-41
_bR.111045
999 _c31535
_d31535